[Event "34. Bayerische Senioren EM"]
[Site "Bergen im Chiemgau"]
[Date "2024.06.01"]
[Round "5.27"]
[White "Fischer, Manfred"]
[Black "Trattner, Alfred"]
[Result "1-0"]
[BlackElo "1808"]
[BlackTeam "SV Holz Dohr Semriach"]
[EventDate "2024.??.??"]
[PlyCount "51"]
[WhiteElo "1949"]
[WhiteTeam "SK Töging"]

1. e4 e5 2. Nf3 Nc6 3. Bb5 d6 4. d4 exd4 5. Nxd4 Bd7 6. Nc3 g6 7. O-O Bg7 8. Be3
Nge7 9. f4 f5 10. exf5 Nxf5 11. Nxf5 Bxf5 12. Qd5 Qd7 13. Rae1 O-O-O 14. Bxa7
Rde8 15. Ne4 Bxe4 16. Rxe4 Rxe4 17. Qxe4 Re8 18. Qa4 Qe6 19. Bf2 Rf8 20. Qa8+
Kd7 21. Qxb7 Qe4 22. c4 Rxf4 23. Re1 Qxe1+ 24. Bxe1 Bd4+ 25. Bf2 Bxf2+ 26. Kh1 
1-0

[Event "34. Bayerische Senioren EM"]
[Site "Bergen im Chiemgau"]
[Date "2024.06.01"]
[Round "5.28"]
[White "Hülle, Gunter"]
[Black "Lehmann, Edwin"]
[Result "0-1"]
[WhiteElo "1765"]
[BlackElo "1933"]
[PlyCount "80"]
[EventDate "2024.??.??"]
[WhiteTeam "SV Springer Leipzig"]
[BlackTeam "SK Königsspringer Emden"]

{[%evp 0,80,29,-56,-62,-78,-68,-64,-68,-56,-49,-98,-86,-86,-47,-78,-70,-97,
-101,-93,-109,-93,-107,-147,-94,-125,-78,-81,-83,-78,-57,-55,-44,-48,-44,-44,
-61,-57,-63,-57,-17,-21,-17,-43,-39,-18,-16,-47,-18,-11,-22,-22,-22,-34,-27,
-30,-30,-12,-13,-91,-77,-70,-72,-81,-56,-60,-52,-51,-36,-35,-3,-9,0,0,-6,8,2,0,
0,0,-21,0,0]} 1. b4 e5 2. Bb2 Bxb4 3. Bxe5 Nf6 4. a3 Be7 5. c4 O-O 6. e3 c5 7.
h3 Nc6 8. Bh2 d5 9. Nf3 d4 10. exd4 Nxd4 11. Bd3 Be6 12. O-O Nxf3+ 13. Qxf3 Qd4
14. Nc3 Rad8 15. Be2 Bxc4 16. Bxc4 Qxc4 17. Qxb7 Rd7 18. Qb2 Rfd8 19. Rad1 Ne8
20. Rfe1 Bf6 21. Be5 Bxe5 22. Rxe5 Nf6 23. Nb1 Qd4 24. Qxd4 cxd4 25. d3 Nd5 26.
Nd2 f6 27. Ree1 Nc3 28. Rc1 Rb8 29. Ne4 Nxe4 30. dxe4 Rb3 31. a4 d3 32. Rc4 Kf7
33. Rd1 Rb2 34. f3 Ke6 35. Rc3 d2 36. Kf2 Rb4 37. a5 Rb5 38. Ra3 f5 39. exf5+
Kxf5 40. Ra2 Rdd5 {Zeitüberschreitung} 0-1

[Event "34. Bayerische Senioren EM"]
[Site "Bergen im Chiemgau"]
[Date "2024.06.01"]
[Round "5.29"]
[White "Chochoy, Patrick"]
[Black "Mayr, Günter"]
[Result "0-1"]
[BlackElo "1925"]
[BlackTeam "RW Klettham SAB"]
[EventDate "2024.??.??"]
[PlyCount "44"]
[WhiteElo "1712"]
[WhiteTeam "Franconville"]

1. e4 e6 2. d4 d5 3. e5 c5 4. c3 Nc6 5. Nf3 Bd7 6. Be2 Nge7 7. Na3 cxd4 8. cxd4
a6 9. Nc2 Ng6 10. h4 Qb6 11. h5 Nge7 12. Bd3 h6 13. g4 O-O-O 14. b4 Nxb4 15.
Nxb4 Qxb4+ 16. Bd2 Qa3 17. Bc1 Qc3+ 18. Ke2 Qxa1 19. Qc2+ Kb8 20. Ba3 Qxh1 21.
Bd6+ Ka8 22. Qb3 Nc6  0-1

[Event "34. Bayerische Senioren EM"]
[Site "Bergen im Chiemgau"]
[Date "2024.06.01"]
[Round "5.30"]
[White "Bartl, Bruno"]
[Black "Fischer, Gerd"]
[Result "1/2-1/2"]
[WhiteElo "1845"]
[BlackElo "2022"]
[PlyCount "78"]
[EventDate "2024.??.??"]
[WhiteTeam "SK Bruckmühl"]
[BlackTeam "SC Ansbach"]

{[%evp 0,78,29,-5,-3,-12,-21,-29,-16,-1,-24,-20,-3,-6,-5,-17,0,-6,-6,-22,-5,
-11,-2,-5,-1,-10,-10,-12,20,-14,-9,0,0,-13,0,-18,-21,-22,-12,-63,-53,-46,-5,
-49,-17,-50,4,0,-15,0,0,-16,27,0,24,61,61,27,35,2,23,23,22,-6,0,0,0,0,0,0,0,0,
0,0,0,0,0,0,0,0,0]} 1. c4 e5 2. Nc3 Nf6 3. g3 d5 4. cxd5 Nxd5 5. Bg2 Nb6 6. Nf3
Nc6 7. O-O Be7 8. a3 Be6 9. b4 a6 10. d3 O-O 11. Be3 Nd5 12. Nxd5 Bxd5 13. Rc1
Bf6 14. Qd2 Nd4 15. Nxd4 exd4 16. Bf4 Bxg2 17. Kxg2 c6 18. h4 Re8 19. e4 dxe3
20. fxe3 Re6 21. Rf3 Qd7 22. Qc2 Rd8 23. d4 Qd5 24. Qd3 Be7 25. Qc4 Qh5 26.
Rcf1 Rd5 27. Be5 Bf6 28. Bxf6 gxf6 29. Re1 f5 30. Qd3 Re4 31. Qf1 Qg6 32. Rf4
Qe6 33. Rxe4 Qxe4+ 34. Qf3 Rxd4 35. exd4 Qxe1 36. Qxf5 Qd2+ 37. Qf2 Qc3 38. Qf6
Qxa3 39. Qg5+ Kf8 1/2-1/2

[Event "34. Bayerische Senioren EM"]
[Site "Bergen im Chiemgau"]
[Date "2024.06.01"]
[Round "5.31"]
[White "Stronk, Klaus"]
[Black "Weimer, Lothar"]
[Result "1/2-1/2"]
[BlackElo "1946"]
[BlackTeam "SK Kriegshaber"]
[EventDate "2024.??.??"]
[PlyCount "29"]
[WhiteElo "1836"]
[WhiteTeam "SK Freilassing"]

1. d4 d5 2. Nf3 Nf6 3. e3 c5 4. b3 Nc6 5. Bb2 Bg4 6. Be2 e6 7. Ne5 Bxe2 8. Qxe2
cxd4 9. exd4 Bd6 10. O-O O-O 11. Nd2 Rc8 12. c4 dxc4 13. Ndxc4 Nd5 14. f4 Nce7
15. Nxd6  1/2-1/2

[Event "34. Bayerische Senioren EM"]
[Site "Bergen im Chiemgau"]
[Date "2024.06.01"]
[Round "5.32"]
[White "Stephan, Hubert"]
[Black "Burg, Henk"]
[Result "1/2-1/2"]
[BlackElo "1774"]
[BlackTeam "Hmc Den Bosch"]
[EventDate "2024.??.??"]
[PlyCount "46"]
[WhiteElo "1878"]
[WhiteTeam "SC Prien"]

1. e4 c5 2. Nf3 e6 3. d4 cxd4 4. Nxd4 Nc6 5. Nc3 a6 6. a3 Nf6 7. Be2 Qc7 8. Be3
Be7 9. O-O O-O 10. Qd2 d6 11. f4 Nxd4 12. Bxd4 e5 13. Be3 exf4 14. Bxf4 Be6 15.
Bd3 Nd7 16. Rae1 Ne5 17. Nd5 Bxd5 18. exd5 Nxd3 19. Qxd3 Rfe8 20. Kh1 Bf8 21.
c3 Qd7 22. Bg3 Rxe1 23. Rxe1 Re8  1/2-1/2

[Event "34. Bayerische Senioren EM"]
[Site "Bergen im Chiemgau"]
[Date "2024.06.01"]
[Round "5.33"]
[White "Paul, Ernst"]
[Black "Lindner, Helmut"]
[Result "0-1"]
[BlackElo "1876"]
[BlackTeam "SC Prichsenstadt"]
[EventDate "2024.??.??"]
[PlyCount "67"]
[WhiteElo "1781"]
[WhiteTeam "ASV J'Adoube Grassau"]

1. c4 c5 2. g3 Nc6 3. Bg2 g6 4. Nc3 Bg7 5. a3 Nf6 6. e3 O-O 7. Nge2 e5 8. Rb1 b6
9. O-O Bb7 10. b4 Qc7 11. d3 cxb4 12. axb4 Ne7 13. Nb5 Qb8 14. Bxb7 Qxb7 15.
Bb2 Nc6 16. Qb3 a6 17. Na3 d6 18. b5 Ne7 19. Bc3 a5 20. Qb2 Nd7 21. d4 Qc7 22.
dxe5 Bxe5 23. Bxe5 Nxe5 24. Rbc1 Nd3 25. Qc2 Nxc1 26. Rxc1 Qc5 27. Qc3 Rac8 28.
e4 Rc7 29. Nd4 Rfc8 30. Kg2 d5 31. exd5 Nxd5 32. Qd3 Nb4 33. Qd2 Rd7 34. Ndc2 
0-1

[Event "34. Bayerische Senioren EM"]
[Site "Bergen im Chiemgau"]
[Date "2024.06.01"]
[Round "5.34"]
[White "Heiler, Karl"]
[Black "Schießl, Hanns"]
[Result "1-0"]
[BlackElo "1753"]
[BlackTeam "FVS ASP Hoyerswerda"]
[EventDate "2024.??.??"]
[PlyCount "55"]
[WhiteElo "1869"]
[WhiteTeam "TG Bad Waldsee 1848"]

1. e4 c6 2. d3 d5 3. Nd2 dxe4 4. dxe4 e6 5. Ngf3 Nd7 6. Bc4 Bd6 7. O-O Ngf6 8.
Re1 Ng4 9. Nf1 Nde5 10. Bb3 O-O 11. Ne3 Nxf3+ 12. Qxf3 Nxh2 13. Qh3 Bf4 14. Nc4
e5 15. Qd3 Qg5 16. Bxf4 Qxf4 17. f3 Bh3 18. Qe3 Qg3 19. Qf2 Nxf3+ 20. Qxf3 Qxf3
21. gxf3 Be6 22. Nxe5 Bxb3 23. axb3 f6 24. Nc4 b6 25. Red1 b5 26. Ne3 Rfe8 27.
Rd7 a5 28. Nf5  1-0

[Event "34. Bayerische Senioren EM"]
[Site "Bergen im Chiemgau"]
[Date "2024.06.01"]
[Round "5.35"]
[White "Sonntagbauer, Manfred"]
[Black "Niedermaier, Peter"]
[Result "0-1"]
[WhiteElo "1645"]
[BlackElo "1864"]
[PlyCount "43"]
[EventDate "2024.??.??"]
[WhiteTeam "SV Almtal"]
[BlackTeam "SU Ebersberg-Grafing"]

{[%evp 0,43,29,19,26,26,39,39,33,34,51,35,46,40,31,31,32,10,39,18,30,27,41,5,2,
-10,50,57,51,28,35,6,-3,-16,-22,-52,-54,-48,-31,-31,-25,-36,-11,-74,-53,-48]} 
1. d4 Nf6 2. Nf3 g6 3. Bf4 Bg7 4. e3 c5 5. dxc5 Qa5+ 6. c3 Qxc5 7. h3 d6 8. Be2
a6 9. Nbd2 Bd7 10. O-O Qc8 11. Nh2 O-O 12. Ng4 b5 13. Nxf6+ Bxf6 14. Bf3 Ra7
15. Ne4 Bg7 16. Rc1 Rc7 17. Nxd6 exd6 18. Bxd6 Rd8 19. Bxc7 Qxc7 20. Qe2 Be6
21. b3 Nd7 22. Rfd1 {danach sind beide Formulare weder vollständig noch
lesbar.} 0-1

[Event "34. Bayerische Senioren EM"]
[Site "Bergen im Chiemgau"]
[Date "2024.06.01"]
[Round "5.36"]
[White "Rogun, Ulrich"]
[Black "Thonig, Manfred"]
[Result "1-0"]
[BlackElo "1717"]
[BlackTeam "SC Wolfratshausen"]
[EventDate "2024.??.??"]
[PlyCount "87"]
[WhiteElo "1770"]
[WhiteTeam "FC Bayern München"]

1. e4 g6 2. d4 Bg7 3. Nc3 c6 4. Nf3 d6 5. h3 Nd7 6. Bc4 e6 7. Bb3 b5 8. a3 a5 9.
O-O Ba6 10. Re1 a4 11. Ba2 h6 12. d5 cxd5 13. exd5 e5 14. Nd4 Qb6 15. Be3 Nc5
16. Nc6 Bb7 17. Qf3 Rc8 18. Ne4 Qc7 19. Bxc5 dxc5 20. Nxc5 Bxc6 21. dxc6 Nf6
22. Nd7 Qxc6 23. Qxc6 Rxc6 24. Nxe5 Rxc2 25. Nxf7+ Kf8 26. Rad1 Rc8 27. Nxh8
Bxh8 28. b4 h5 29. Rd3 Kg7 30. Rg3 Kh6 31. h4 Ng4 32. Be6 Bc3 33. Bxc8 Bxe1 34.
Bxg4 hxg4 35. Rxg4 Kh5 36. Re4 Bc3 37. g3 g5 38. hxg5 Kxg5 39. Re3 Bd4 40. Rd3
Bb2 41. Kg2 Kf5 42. Kf3 Ke5 43. g4 Bd4 44. Rxd4  1-0

[Event "34. Bayerische Senioren EM"]
[Site "Bergen im Chiemgau"]
[Date "2024.06.01"]
[Round "5.37"]
[White "Krause, Helmut"]
[Black "Huber, Herbert"]
[Result "1/2-1/2"]
[BlackElo "1858"]
[BlackTeam "SK Wasserburg"]
[EventDate "2024.??.??"]
[PlyCount "37"]
[WhiteElo "1694"]
[WhiteTeam "SK Freilassing"]

1. d4 Nf6 2. Nf3 c5 3. e3 d5 4. dxc5 e6 5. Nbd2 Bxc5 6. Bd3 Nc6 7. a3 O-O 8. O-O
Re8 9. b4 Bd6 10. c4 e5 11. e4 dxe4 12. Nxe4 Nxe4 13. Bxe4 h6 14. c5 Bc7 15.
Bb2 Qe7 16. Re1 Bg4 17. h3 Rad8 18. Qb3 Be6 19. Qc3  1/2-1/2

[Event "34. Bayerische Senioren EM"]
[Site "Bergen im Chiemgau"]
[Date "2024.06.01"]
[Round "5.38"]
[White "Dreiseitel, Werner"]
[Black "Klüber, Werner"]
[Result "1/2-1/2"]
[BlackElo "1849"]
[BlackTeam "SC Prichsenstadt"]
[EventDate "2024.??.??"]
[PlyCount "52"]
[WhiteElo "1724"]
[WhiteTeam "SW Nürnberg Süd"]

1. d4 d5 2. c4 e6 3. Nc3 Nf6 4. Nf3 Nbd7 5. Bg5 Be7 6. e3 c6 7. Bd3 O-O 8. O-O
h6 9. Bh4 dxc4 10. Bxc4 b5 11. Be2 a6 12. Rc1 Bb7 13. Nd2 c5 14. dxc5 Bxc5 15.
Nce4 Be7 16. Bf3 Nd5 17. Bxe7 Qxe7 18. Nb3 Rac8 19. a3 Rxc1 20. Qxc1 Rc8 21.
Qd2 Ne5 22. Be2 Nc4 23. Bxc4 Rxc4 24. f3 Qc7 25. Rc1 Rxc1+ 26. Nxc1 Qb6 
1/2-1/2

[Event "34. Bayerische Senioren EM"]
[Site "Bergen im Chiemgau"]
[Date "2024.06.01"]
[Round "5.39"]
[White "Klein, Gernot"]
[Black "Roß, Heinrich"]
[Result "1-0"]
[BlackElo "1743"]
[BlackTeam "SG Springer Burghaun"]
[EventDate "2024.??.??"]
[PlyCount "85"]
[WhiteElo "1834"]
[WhiteTeam "PTSV Aachen"]

1. e4 e5 2. Nf3 Nc6 3. Bb5 a6 4. Ba4 b5 5. Bb3 h6 6. O-O Nf6 7. d3 d6 8. c3 Bg4
9. Nbd2 Be7 10. Re1 O-O 11. h3 Be6 12. Bxe6 fxe6 13. d4 exd4 14. cxd4 d5 15.
exd5 exd5 16. Qc2 Qd7 17. Ne5 Nxe5 18. dxe5 Ne4 19. Nxe4 dxe4 20. Qxe4 Bc5 21.
Be3 Bxe3 22. Qxe3 Qe6 23. Qb3 Qxb3 24. axb3 Kf7 25. Rec1 Ra7 26. Rc6 Re8 27. f4
Re6 28. Rac1 Rxc6 29. Rxc6 a5 30. Kf2 a4 31. bxa4 bxa4 32. Kf3 h5 33. Ke4 Rb7
34. Kf5 Ke7 35. Kg6 Rb6 36. Rxb6 cxb6 37. Kxg7 Ke6 38. g4 hxg4 39. hxg4 b5 40.
f5+ Kxe5 41. f6 b4 42. f7 a3 43. bxa3  1-0

[Event "34. Bayerische Senioren EM"]
[Site "Bergen im Chiemgau"]
[Date "2024.06.01"]
[Round "5.40"]
[White "Frey, Peter"]
[Black "Mahrla, Hans"]
[Result "1-0"]
[BlackElo "1689"]
[BlackTeam "SC Eichenau"]
[EventDate "2024.??.??"]
[PlyCount "124"]
[WhiteElo "1789"]
[WhiteTeam "SG Traunstein/Traunreut"]

1. b3 e6 2. Bb2 d5 3. e3 Nf6 4. Nf3 Be7 5. Be2 O-O 6. O-O c5 7. c4 Nc6 8. d4
cxd4 9. Nxd4 Nxd4 10. Qxd4 b6 11. cxd5 Bc5 12. Qe5 Bd6 13. Qc3 e5 14. Qc4 Bb7
15. e4 Rc8 16. Qd3 Qc7 17. Rc1 Qd7 18. Nd2 a6 19. Nc4 b5 20. Nxe5 Rxc1+ 21.
Rxc1 Qe8 22. Qd4 Qe7 23. Ng4 Re8 24. Bd3 h5 25. Nh6+ Kf8 26. Nf5 Qe5 27. Nxd6
Qxd4 28. Bxd4 Re7 29. Nxb7 Rxb7 30. Rc8+ Ke7 31. Bc5+ Kd7 32. Ra8 Rc7 33. Ra7
Ng4 34. Rxc7+ Kxc7 35. Bd4 f6 36. f4 Kd6 37. b4 g5 38. Bc5+ Kd7 39. h3 Nh6 40.
fxg5 fxg5 41. a4 bxa4 42. Bxa6 a3 43. Bc4 Nf7 44. b5 Ne5 45. Ba2 Nd3 46. Bxa3
Kc7 47. d6+ Kd7 48. Kf1 Ne5 49. Ke2 g4 50. hxg4 hxg4 51. Kf2 Kd8 52. Kg3 Kd7
53. Kf4 Nd3+ 54. Kxg4 Nf2+ 55. Kf5 Nd3 56. e5 Nf2 57. Be6+ Ke8 58. b6 Nd1 59.
b7 Ne3+ 60. Kf6 Nd5+ 61. Bxd5 Kd7 62. e6+ Kd8  1-0

[Event "34. Bayerische Senioren EM"]
[Site "Bergen im Chiemgau"]
[Date "2024.06.01"]
[Round "5.41"]
[White "Dreiseitel, Ursula"]
[Black "Schleime, Franz-Josef"]
[Result "0-1"]
[WhiteElo "1668"]
[BlackElo "1774"]
[PlyCount "154"]
[EventDate "2024.??.??"]
[WhiteTeam "SW Nürnberg Süd"]
[BlackTeam "SF Lennestadt-Meggen"]

{[%evp 0,154,29,19,40,40,34,0,-2,-206,-35,-19,-21,-67,-23,-33,-28,-30,-45,-68,
-31,-65,-55,-71,-57,-55,-24,-61,-61,-67,-80,-85,-77,-72,-7,-27,5,5,2,-98,-118,
-108,-141,-135,-47,-58,-60,-63,-27,-58,-55,-94,-55,-53,-46,-41,-57,-75,-64,-90,
-71,-92,-70,-104,-91,-131,-110,-105,-152,-148,-86,-50,-56,-67,-47,-67,-24,-138,
-112,-131,-133,-217,-225,-224,-223,-297,-127,-136,-123,-195,-196,-178,-182,
-180,-177,-181,-165,-140,-134,-302,-134,-275,-84,-79,-91,-105,-83,-84,-94,-94,
-114,-114,-114,-116,-122,-127,-135,-131,-165,-151,-164,-165,-151,-197,-225,
-232,-118,-138,-132,-116,-93,-95,-72,-101,-101,-96,-75,-62,-7,-63,-57,-57,-58,
-63,-71,-63,-28,-101,-2,-1,0,0,0,-29983,-29984,-29985,-29986]} 1. d4 c5 2. Nf3
Nf6 3. Bf4 cxd4 4. Nxd4 d6 5. Nf3 Nc6 6. c3 g6 7. e3 Bg7 8. Bd3 e5 9. Bg5 O-O
10. O-O d5 11. Be2 Qb6 12. Qb3 Qc5 13. Bxf6 Bxf6 14. Rd1 Be6 15. Qc2 Rad8 16.
Nbd2 d4 17. exd4 Nxd4 18. Nxd4 exd4 19. Nb3 Qc7 20. Rac1 dxc3 21. bxc3 Rc8 22.
Nd4 Bxd4 23. Rxd4 Qa5 24. a4 Rc5 25. Bf3 Qc7 26. c4 Re8 27. g3 b6 28. Kg2 Rc8
29. Be2 Qc6+ 30. f3 Bf5 31. Qb3 Re8 32. Kf2 Rce5 33. Bf1 Qc5 34. Rcd1 Kg7 35.
Qb2 Kg8 36. Kg2 Qc6 37. g4 Bc8 38. Qc2 Re3 39. Qf2 Bb7 40. Rd5 Qe6 41. Qd2 Bxd5
42. Qxd5 Qxd5 43. cxd5 Rd8 44. Kf2 Ra3 45. Bb5 Rd6 46. Bc6 Rc3 47. Re1 Kf8 48.
Re8+ Kg7 49. Ra8 a5 50. Rb8 Rdxc6 51. dxc6 Rxc6 52. Ke3 Rc4 53. Rxb6 Rxa4 54.
Ra6 Ra1 55. Kd2 Ra2+ 56. Ke3 a4 57. h4 Ra1 58. Kd2 a3 59. Kc2 a2 60. Kb2 Rf1
61. Kxa2 Rxf3 62. Ra4 Rh3 63. g5 h6 64. Kb2 hxg5 65. hxg5 Kf8 66. Re4 Rg3 67.
Re5 Kg7 68. Kc2 f6 69. gxf6+ Kxf6 70. Re8 Kf5 71. Rf8+ Ke4 72. Kd2 g5 73. Ke1
g4 74. Kf2 Rf3+ 75. Rxf3 gxf3 76. Ke1 Ke3 77. Kf1 f2 0-1

[Event "34. Bayerische Senioren EM"]
[Site "Bergen im Chiemgau"]
[Date "2024.06.01"]
[Round "5.42"]
[White "Waltner, Herbert"]
[Black "Scheler, Heinz"]
[Result "1-0"]
[BlackElo "1638"]
[BlackTeam "SC Heilsbronn"]
[EventDate "2024.??.??"]
[PlyCount "71"]
[WhiteElo "1749"]
[WhiteTeam "SV Steinhausen"]

1. e4 e5 2. Nf3 Bc5 3. Nc3 Nf6 4. Be2 Ng4 5. d4 Bb6 6. O-O O-O 7. h3 Nf6 8. Bg5
h6 9. Bh4 d6 10. Nd5 g5 11. Bg3 Nxd5 12. exd5 c6 13. dxe5 g4 14. hxg4 Bxg4 15.
exd6 Nd7 16. dxc6 bxc6 17. Qd2 Qf6 18. c3 Bc5 19. b4 Bb6 20. Rfe1 Bxf3 21. Bxf3
Rfe8 22. Bxc6 Red8 23. Bxa8 Rxa8 24. c4 Qg6 25. c5 Bxc5 26. bxc5 Rc8 27. Rac1
Nf6 28. Qd4 Kg7 29. c6 Qh5 30. c7 Kh7 31. Qxf6 Rg8 32. c8=Q Qg4 33. Qxg4 Rxg4
34. Qxf7+ Rg7 35. Qf5+ Kh8 36. Re8+  1-0

[Event "34. Bayerische Senioren EM"]
[Site "Bergen im Chiemgau"]
[Date "2024.06.01"]
[Round "5.43"]
[White "Melchart, Siegfried"]
[Black "Puhrer, Achim"]
[Result "1/2-1/2"]
[BlackElo "1707"]
[BlackTeam "SF Hoffenheim"]
[EventDate "2024.??.??"]
[PlyCount "40"]
[WhiteElo "1477"]
[WhiteTeam "SF Bad Reichenhall"]

1. b4 a5 2. b5 d5 3. Bb2 Nf6 4. e3 c5 5. Nf3 Bg4 6. Be2 Nbd7 7. O-O e6 8. c4 Bd6
9. d4 Nb6 10. Nbd2 O-O 11. Ne5 Bxe2 12. Qxe2 Nfd7 13. Nxd7 Qxd7 14. a4 Be7 15.
dxc5 Bxc5 16. Nb3 Bb4 17. cxd5 Qxd5 18. Qg4 f6 19. Nd4 Rad8 20. Rfd1 Qe5 
1/2-1/2

[Event "34. Bayerische Senioren EM"]
[Site "Bergen im Chiemgau"]
[Date "2024.06.01"]
[Round "5.44"]
[White "Riess, Michael"]
[Black "Krause, Marianne"]
[Result "1/2-1/2"]
[BlackElo "1693"]
[BlackTeam "SK Freilassing"]
[EventDate "2024.??.??"]
[PlyCount "33"]
[WhiteElo "1773"]
[WhiteTeam "SC Ansbach"]

1. e4 d5 2. exd5 Qxd5 3. Nc3 Qd8 4. d4 Nf6 5. Nf3 Bf5 6. Bd3 Bxd3 7. Qxd3 c6 8.
O-O e6 9. a3 Bd6 10. Re1 O-O 11. Ne4 Be7 12. Nxf6+ Bxf6 13. Be3 Nd7 14. Rad1
Qc7 15. Bg5 h6 16. Bxf6 Nxf6 17. c3  1/2-1/2

[Event "34. Bayerische Senioren EM"]
[Site "Bergen im Chiemgau"]
[Date "2024.06.01"]
[Round "5.45"]
[White "Brahn, Helmut"]
[Black "Seibold, Günther"]
[Result "1-0"]
[BlackElo "1688"]
[BlackTeam "SG Traunstein/Traunreut"]
[EventDate "2024.??.??"]
[PlyCount "47"]
[WhiteElo "1779"]
[WhiteTeam "SG Springer Burghaun"]

1. c4 e6 2. a3 d5 3. cxd5 exd5 4. d4 Nf6 5. h3 b6 6. e3 Bb7 7. Nf3 Bd6 8. Nc3
O-O 9. Be2 c5 10. dxc5 Bxc5 11. O-O Re8 12. Qc2 Ne4 13. Rd1 Re7 14. Nxe4 Rxe4
15. Qxe4 Qe7 16. Qxe7 Bxe7 17. b4 Nd7 18. Bb2 Nf6 19. Nd4 a6 20. Rac1 Kf8 21.
Rc7 Bc8 22. Rdc1 Bd7 23. Nc6 Ne8 24. Rxd7  1-0

[Event "34. Bayerische Senioren EM"]
[Site "Bergen im Chiemgau"]
[Date "2024.06.02"]
[Round "6.1"]
[White "Jergler, Karl-Heinz"]
[Black "Dresen, Ulrich"]
[Result "0-1"]
[BlackElo "2120"]
[BlackTeam "Elberfelder SG"]
[EventDate "2024.??.??"]
[PlyCount "70"]
[WhiteElo "2079"]
[WhiteTeam "SC Rottal-Inn"]

1. e4 e5 2. Nf3 Nc6 3. d4 exd4 4. Nxd4 Nf6 5. Nc3 Bb4 6. Nxc6 bxc6 7. Bd3 d5 8.
exd5 cxd5 9. O-O O-O 10. Bg5 Be6 11. Nb5 c5 12. c3 Ba5 13. b4 Bb6 14. bxc5 Bxc5
15. Nd4 Rc8 16. Qf3 h6 17. Bh4 g5 18. Bg3 Bg4 19. Qe3 Re8 20. Qd2 Ne4 21. Bxe4
dxe4 22. h3 Bh5 23. Qb2 Qb6 24. Qxb6 Bxb6 25. Nf5 Rxc3 26. Kh2 Kh7 27. Nd6 Re6
28. Nb5 Rc2 29. Na3 Rc5 30. Rac1 f5 31. Bb8 Rxc1 32. Rxc1 Bxf2 33. Rc7+ Kg6 34.
Nc4 f4 35. Rd7 e3  0-1

[Event "34. Bayerische Senioren EM"]
[Site "Bergen im Chiemgau"]
[Date "2024.06.02"]
[Round "6.2"]
[White "Ghijsen, Pim"]
[Black "Himmel, Hansjörg"]
[Result "1/2-1/2"]
[BlackElo "2189"]
[BlackTeam "SV Kamen"]
[EventDate "2024.??.??"]
[PlyCount "39"]
[WhiteElo "2058"]
[WhiteTeam "VAS"]

1. d4 Nf6 2. Nf3 e6 3. Bf4 d5 4. e3 Bd6 5. Bg3 O-O 6. Bd3 c5 7. c3 Qc7 8. Nbd2
Nbd7 9. O-O e5 10. dxe5 Nxe5 11. Nxe5 Bxe5 12. e4 Bxg3 13. hxg3 Be6 14. exd5
Bxd5 15. Bc4 Rad8 16. Qc2 Bc6 17. Be2 Rfe8 18. Bf3 g6 19. Bxc6 Qxc6 20. Nf3 
1/2-1/2

[Event "34. Bayerische Senioren EM"]
[Site "Bergen im Chiemgau"]
[Date "2024.06.02"]
[Round "6.4"]
[White "Kieffer, Joachim"]
[Black "Schrems, Hermann"]
[Result "1/2-1/2"]
[BlackElo "2069"]
[BlackTeam "SC Emmendingen"]
[EventDate "2024.??.??"]
[PlyCount "36"]
[WhiteElo "2040"]
[WhiteTeam "SK Bruckmühl"]

1. e4 c5 2. Nf3 Nc6 3. d4 cxd4 4. Nxd4 e5 5. Nb5 d6 6. c4 Be6 7. Bd3 Be7 8. O-O
Rc8 9. N5c3 Nf6 10. Nd5 Nd7 11. Nbc3 a6 12. Be3 Bg5 13. Qd2 Bxe3 14. Qxe3 Nc5
15. Rac1 Nxd3 16. Qxd3 O-O 17. b3 Nd4 18. Ne2 Nxe2+  1/2-1/2

[Event "34. Bayerische Senioren EM"]
[Site "Bergen im Chiemgau"]
[Date "2024.06.02"]
[Round "6.5"]
[White "Niedermaier, Peter"]
[Black "Jagdhuber, Hans"]
[Result "0-1"]
[WhiteElo "1864"]
[BlackElo "1928"]
[PlyCount "94"]
[EventDate "2024.??.??"]
[WhiteTeam "SU Ebersberg-Grafing"]
[BlackTeam "SK Rochade Augsburg"]

{[%evp 0,94,29,23,48,30,44,39,45,47,57,42,53,59,46,22,20,18,8,9,1,-3,-10,-9,-6,
-46,-40,-53,-24,-34,-55,-71,-100,-93,-100,-63,-54,-55,-55,-47,-49,-116,-103,
-105,-96,-100,-107,-102,-108,-126,-131,-129,-164,-295,-334,-322,-256,-260,-277,
-427,-251,-250,-264,-260,-265,-280,-278,-282,-202,-195,-191,-214,-88,-217,-223,
-229,-223,-229,-237,-240,-238,-254,-264,-264,-264,-303,-312,-333,-333,-346,
-371,-558,-407,-407,-387,-744,-988]} 1. e4 e6 2. d4 d5 3. Nd2 dxe4 4. Nxe4 Nd7
5. Nf3 Ngf6 6. Bd3 c5 7. Nxc5 Nxc5 8. dxc5 Bxc5 9. O-O O-O 10. Bg5 b6 11. a3
Bb7 12. Rb1 h6 13. Bh4 Qc7 14. Bxf6 gxf6 15. b4 Bd6 16. h3 Rfd8 17. Qe2 a5 18.
Be4 Bxe4 19. Qxe4 f5 20. Qe2 axb4 21. axb4 Ra2 22. Rfc1 Bf4 23. Rd1 Rxd1+ 24.
Qxd1 Rxc2 25. b5 Qc5 26. Qe1 Rxf2 27. Kh1 Qc2 28. Qg1 Be3 29. Re1 Re2 30. Rxe2
Qxe2 31. Qb1 Qc4 32. Kh2 Bf4+ 33. Kh1 Qc1+ 34. Qxc1 Bxc1 35. Ne5 Bd2 36. Nc6
Kg7 37. Kg1 Kf6 38. Kf2 Bc1 39. Ke2 e5 40. Nb4 Ke6 41. Kd3 Ba3 42. Nc2 Bc5 43.
Kc4 f4 44. Ne1 e4 45. Nc2 Ke5 46. Ne1 f5 47. Nc2 f3 0-1

[Event "34. Bayerische Senioren EM"]
[Site "Bergen im Chiemgau"]
[Date "2024.06.02"]
[Round "6.6"]
[White "Limbach, Torsten"]
[Black "Hess, Christian"]
[Result "1/2-1/2"]
[WhiteElo "1945"]
[BlackElo "2157"]
[PlyCount "57"]
[EventDate "2024.??.??"]
[WhiteTeam "SV Großhansdorf"]
[BlackTeam "FC ST.Pauli"]

{[%evp 0,57,29,19,19,19,17,-15,16,19,16,-6,-10,1,1,4,15,0,3,3,8,-8,15,-35,-11,
-6,-11,15,15,0,-1,-7,-7,0,9,-33,-23,-23,-23,-48,-31,-26,-26,-37,-23,-53,-49,
-42,-51,-51,-57,-43,-50,-105,0,7,18,0,0,10]} 1. d4 d5 2. Nf3 Nf6 3. g3 g6 4.
Bg2 Bg7 5. c4 dxc4 6. Na3 Nc6 7. Nxc4 Be6 8. Nce5 Nxe5 9. Nxe5 Bd5 10. Nf3 h5
11. h4 O-O 12. O-O Ng4 13. Qc2 Bxf3 14. Bxf3 Bxd4 15. Bxg4 hxg4 16. Rd1 Qd6 17.
e3 Qc5 18. Qe4 Bg7 19. Bd2 Bxb2 20. Rab1 Bf6 21. Bb4 Qe5 22. Qxe5 Bxe5 23. Bxe7
Rfe8 24. Rd7 b6 25. Kg2 Kg7 26. f3 Bf6 27. Bxf6+ Kxf6 28. Rxc7 Re7 29. Rbc1
1/2-1/2

[Event "34. Bayerische Senioren EM"]
[Site "Bergen im Chiemgau"]
[Date "2024.06.02"]
[Round "6.7"]
[White "Schatz, Christian"]
[Black "Schubert, Joachim"]
[Result "1-0"]
[BlackElo "1926"]
[BlackTeam "TSG Oberschöneweide e.V."]
[EventDate "2024.??.??"]
[PlyCount "51"]
[WhiteElo "2150"]
[WhiteTeam "SC Postbauer-Heng"]

1. Nf3 f5 2. g3 Nf6 3. Bg2 e6 4. O-O c6 5. d3 d5 6. Nbd2 Bc5 7. d4 Bb6 8. b3 O-O
9. Ba3 Re8 10. e3 Nbd7 11. c4 Ne4 12. Qc2 Ndf6 13. Ne5 Bc7 14. Nxe4 fxe4 15. f3
exf3 16. Rxf3 Bd6 17. Bxd6 Qxd6 18. Raf1 c5 19. Rf4 b6 20. Rh4 Re7 21. Ng4 Rf7
22. Rxf6 gxf6 23. Nh6+ Kf8 24. Nxf7 Kxf7 25. Rxh7+ Ke8 26. Qg6+  1-0